| 000 | 00559nam a2200169Ia 4500 | ||
|---|---|---|---|
| 008 | 240729s9999 xx 000 0 und d | ||
| 022 | _a1799-649X | ||
| 245 | 0 | _aNordic Journal of Migration Research | |
| 260 | _aFinland | ||
| 260 | _bHelsinki University Press | ||
| 650 | _a Colonies and colonization. Emigration and immigration. International migration | Social Sciences | ||
| 650 | _a Communities. Classes. Races | ||
| 650 | _aPolitical science | ||
| 856 | _uhttps://doaj.org/toc/afb25959e295483bb5744562cdc2e6ba | ||
| 942 | _2ddc | ||
| 942 | _cDOAJEJ | ||
| 999 |
_c72484 _d72484 |
||
| 945 |
_a1 _bMadushi Gamage _c1 _dMadushi Gamage |
||